| 000 | 01563nkc a2200301 i 4500 | ||
|---|---|---|---|
| 005 | 20220317001341.0 | ||
| 007 | ta | ||
| 008 | 210910s2005 ck j s vcspa d spa | ||
| 020 | _a9788460582124 | ||
| 040 |
_aCO-BoRNBP _bspa _cCO-BoRNBP _erda |
||
| 041 | _aspa | ||
| 082 | 0 | 4 |
_a611.81 _bD37i _222 |
| 110 | 2 |
_aDiscovery Communications _9190160 |
|
| 245 | 1 | 3 |
_aEl increíble cerebro humano _cDiscovery Communications |
| 250 | _aPrimera edición | ||
| 264 | 1 |
_aBogotá _bMS Tv & Videos _c2005 |
|
| 300 |
_a1 DVD (60 minutos) _bsonido, color, digital _c12 cm |
||
| 336 |
_2rdacontent _aimagen bidimensional en movimiento _btdi |
||
| 337 |
_2rdamedia _avideo _bv |
||
| 338 |
_2rdacarrier _avideodisco _bvd |
||
| 490 | 0 | _aDiscovery Channel. Educación : Estudios sociales | |
| 520 | _aDurante mucho tiempo, el cerebro fue un misterio. En este programa, científicos especializados utilizan sorprendentes tecnologías para revelarnos muchas de aquellas incógnitas. En una masa de tejido del tamaño de un pomelo, el cerebro guarda su infinita capacidad de aprendizaje, funcionando permanentemente, sin cansarse y sin descansar. Se revela los últimos descubrimientos respecto a las conexiones neuronales que moldean nuestra personalidad y nos permiten pensar. El cerebro es el más sagrado de los órganos: el que nos define como seres humanos. | ||
| 521 | _aRecomendado a partir de los 12 años | ||
| 650 | 1 | 7 |
_aNeuroanatomía _vDVD _2ARMARC |
| 650 | 1 | 7 |
_aNeuronas _vDVD _2ARMARC |
| 650 | 1 | 7 |
_aCerebro _xInvestigaciones _vDVD _2ARMARC |
| 942 |
_2ddc _cDVD |
||
| 999 |
_c6697 _d6697 |
||